[Event "Santa Rosa Villarreal Memorial 29th"]
[Site "Santa Rosa"]
[Date "2023.12.10"]
[Round "7"]
[White "De la Cruz Raful, Tiago"]
[Black "Cabral, Matias Andres"]
[Result "0-1"]
[WhiteElo "1556"]
[BlackElo "2052"]
[PlyCount "60"]
[EventDate "2023.12.08"]
[EventType "swiss"]
[EventRounds "7"]
[EventCountry "ARG"]
[SourceTitle "CB51_2023"]
[SourceDate "2023.12.20"]
[SourceVersion "1"]
[SourceVersionDate "2023.12.20"]
[SourceQuality "1"]

1. e4 d6 2. d4 Nf6 3. Nc3 g6 4. f4 Bg7 5. Bd3 0-0 6. Be3 e5 7. h3 exf4 8. Bxf4 Nh5 9. Be3 Ng3 10. Rh2 f5 11. Qf3 Nxe4 12. Nxe4 fxe4 13. Qxe4 Re8 14. Qd5+ Kh8 15. Kd2 c6 16. Qf3 Be6 17. c3 Nd7 18. h4 Nf6 19. Nh3 Bd5 20. Qf4 Qd7 21. Re1 Rf8 22. Qg3 Nh5 23. Qg5 Rae8 24. g4 Nf6 25. h5 Nxg4 26. hxg6 Bh6 27. Qh4 Rxe3 28. Ng5 Rxd3+ 29. Kc2 Qf5 30. Nf7+ Bxf7 0-1

[Event "Santa Rosa Villarreal Memorial 29th"]
[Site "Santa Rosa"]
[Date "2023.12.09"]
[Round "3"]
[White "Garcia, Kevin"]
[Black "Cabral, Matias Andres"]
[Result "0-1"]
[WhiteElo "1877"]
[BlackElo "2052"]
[PlyCount "68"]
[EventDate "2023.12.08"]
[EventType "swiss"]
[EventRounds "7"]
[EventCountry "ARG"]
[SourceTitle "CB51_2023"]
[SourceDate "2023.12.20"]
[SourceVersion "1"]
[SourceVersionDate "2023.12.20"]
[SourceQuality "1"]

1. e4 d6 2. d4 Nf6 3. Bd3 g6 4. c4 e5 5. d5 c5 6. Nc3 Bg7 7. Nge2 0-0 8. h3 Nbd7 9. 0-0 Ne8 10. Ng3 Qh4 11. Qg4 Qe7 12. Bg5 f6 13. Be3 Nb6 14. Qh4 Rf7 15. f4 exf4 16. Qxf4 Nd7 17. Rae1 Ne5 18. Be2 Bd7 19. Qh4 Qf8 20. b3 Nc7 21. Kh2 Na6 22. Nf5 gxf5 23. exf5 Nb4 24. Bh5 Re7 25. Ne4 Ree8 26. Bd2 Nc2 27. Rc1 Nd4 28. Rc3 Nxf5 29. Rxf5 Bxf5 30. Rg3 Ng6 31. Bxg6 Bxg6 32. Nc3 f5 33. Nb5 Re4 34. Qg5 Be5 0-1

[Event "Buenos Aires Legislatura op 4th"]
[Site "Buenos Aires"]
[Date "2011.11.30"]
[Round "2"]
[White "Garcia, Raimundo"]
[Black "Cabral, Matias Andres"]
[Result "1-0"]
[WhiteElo "2331"]
[BlackElo "2072"]
[PlyCount "71"]
[EventDate "2011.11.29"]
[EventType "swiss"]
[EventRounds "9"]
[EventCountry "ARG"]
[SourceTitle "EXT 2014"]
[Source "ChessBase"]
[SourceDate "2013.11.20"]
[SourceVersion "1"]
[SourceVersionDate "2013.11.20"]
[SourceQuality "1"]

1. Nf3 g6 2. d4 Nf6 3. c4 Bg7 4. g3 d6 5. Bg2 Nbd7 6. 0-0 0-0 7. Nc3 e5 8. h3 c6 9. dxe5 dxe5 10. Be3 Qc7 11. Qb3 Nb6 12. Qb4 h6 13. Qa5 Be6 14. b3 Nh5 15. Rad1 Nd5 16. Qxc7 Nxc7 17. Bc5 Rfe8 18. Bd6 Na6 19. e3 f5 20. e4 Bf7 21. Rfe1 Nf6 22. Nxe5 Nxe4 23. Nxe4 Bxe5 24. Bxe5 fxe4 25. Rxe4 Nc5 26. Ree1 Rad8 27. Bf4 g5 28. Rxe8+ Rxe8 29. Be3 Ne4 30. Bxa7 Nc3 31. Rd2 Ra8 32. Be3 Nxa2 33. Rd6 Ra3 34. Rd8+ Kg7 35. Bd4+ Kg6 36. Rd6+ 1-0

[Event "ARG-ch 85th"]
[Site "Buenos Aires"]
[Date "2010.07.07"]
[Round "3"]
[White "Araoz, Claudio Alberto"]
[Black "Cabral, Matias Andres"]
[Result "0-1"]
[WhiteElo "1878"]
[BlackElo "2098"]
[PlyCount "46"]
[EventDate "2010.07.05"]
[EventType "swiss"]
[EventRounds "11"]
[EventCountry "ARG"]
[SourceTitle "CBM 137 Extra"]
[Source "ChessBase"]
[SourceDate "2010.09.01"]
[SourceVersion "1"]
[SourceVersionDate "2010.09.01"]
[SourceQuality "1"]

1. d4 Nf6 2. Bf4 c5 3. e3 Qb6 4. Nc3 Nc6 5. Nf3 cxd4 6. exd4 e5 7. dxe5 Qxb2 8. Nb5 Bb4+ 9. c3 Ne4 10. Nd2 Nxc3 11. Qc1 Qxc1+ 12. Rxc1 Nxb5 13. Bxb5 0-0 14. 0-0 Nxe5 15. Bxe5 Bxd2 16. Rcd1 Bb4 17. Rd4 Bc3 18. Rd5 Bxe5 19. Rxe5 d6 20. Re7 a6 21. Bd7 b5 22. Rfe1 Ra7 23. Bxc8 Rxe7 0-1

[Event "ARG-ch U20"]
[Site "Argentina"]
[Date "2010.04.29"]
[Round "3"]
[White "Crespo, Eugenio"]
[Black "Cabral, Matias Andres"]
[Result "1/2-1/2"]
[WhiteElo "2085"]
[BlackElo "1963"]
[PlyCount "101"]
[EventDate "2010.04.28"]
[EventType "swiss"]
[EventRounds "7"]
[EventCountry "ARG"]
[SourceTitle "EXT 2012"]
[Source "ChessBase"]
[SourceDate "2011.11.24"]
[SourceVersion "1"]
[SourceVersionDate "2011.11.24"]
[SourceQuality "1"]

1. e4 d6 2. d4 Nf6 3. Nc3 g6 4. Nf3 Bg7 5. Be2 c6 6. 0-0 0-0 7. h3 b5 8. e5 Nfd7 9. Bf4 dxe5 10. dxe5 b4 11. Ne4 Qa5 12. e6 fxe6 13. Bg5 Nf6 14. Ned2 Nbd7 15. Re1 Nd5 16. a3 Qc7 17. Qc1 c5 18. Nc4 N7b6 19. Bh6 Nf4 20. Bxg7 Kxg7 21. Nce5 Nxe2+ 22. Rxe2 Nd5 23. Re4 Rf5 24. g4 Rf6 25. Qg5 Bb7 26. Qh4 h6 27. g5 hxg5 28. Nxg5 Rh8 29. Qg4 Nf4 30. Re3 Bd5 31. Rd1 Rh5 32. h4 Ng2 33. Nxg6 Rh6 34. Nf4 Qxf4 35. Nxe6+ Kf7 36. Qg7+ Ke8 37. Nxf4 Nxe3 38. Rxd5 Nxd5 39. Qg8+ Rf8 40. Qxd5 Rxf4 41. h5 bxa3 42. bxa3 Rhf6 43. Qxc5 a6 44. a4 R4f5 45. Qc8+ Kf7 46. h6 Rg5+ 47. Kf1 Rxh6 48. Qc4+ Kg7 49. Qd4+ Rf6 50. c4 Rgf5 51. c5 1/2-1/2

[Event "ARG-ch U20"]
[Site "Argentina"]
[Date "2010.04.28"]
[Round "2"]
[White "Martinez de Negri, Maria Agustina"]
[Black "Cabral, Matias Andres"]
[Result "0-1"]
[WhiteElo "1923"]
[BlackElo "1963"]
[PlyCount "90"]
[EventDate "2010.04.28"]
[EventType "swiss"]
[EventRounds "7"]
[EventCountry "ARG"]
[SourceTitle "EXT 2012"]
[Source "ChessBase"]
[SourceDate "2011.11.24"]
[SourceVersion "1"]
[SourceVersionDate "2011.11.24"]
[SourceQuality "1"]

1. e4 d6 2. d4 Nf6 3. Nc3 g6 4. f3 Bg7 5. Be3 0-0 6. Qd2 Nbd7 7. g4 e5 8. d5 a6 9. h4 h5 10. gxh5 Nxh5 11. Nge2 b5 12. 0-0-0 Nb6 13. b3 b4 14. Nb1 a5 15. Bh3 Ba6 16. Rdg1 Kh7 17. Bg4 Nf4 18. Nxf4 exf4 19. Bd4 Be5 20. h5 g5 21. h6 Bc8 22. Bxe5 dxe5 23. Qg2 Rg8 24. Qh3 Bxg4 25. Qxg4 Qd7 26. Qh5 Qe7 27. Qg4 a4 28. Rh2 axb3 29. cxb3 Rg6 30. Rc2 Nc8 31. Kb2 Nd6 32. Rgc1 Nb5 33. Rc6 Nc3 34. a4 bxa3+ 35. Ka1 Nb5 36. Rxg6 fxg6 37. Qe6 Qxe6 38. dxe6 Re8 39. Rc5 Nd4 40. Rxc7+ Kxh6 41. Nd2 Rxe6 42. Rc8 g4 43. fxg4 Kg5 44. Ka2 Kxg4 45. Kxa3 f3 0-1

[Event "Villa Ballester Verano op 60th"]
[Site "Villa Ballester"]
[Date "2010.01.30"]
[Round "8"]
[White "Guerrero, Alvaro"]
[Black "Cabral, Matias Andres"]
[Result "1-0"]
[WhiteElo "2225"]
[BlackElo "1934"]
[PlyCount "39"]
[EventDate "2010.01.20"]
[EventType "swiss"]
[EventRounds "9"]
[EventCountry "ARG"]
[SourceTitle "CBM 134 Extra"]
[Source "ChessBase"]
[SourceDate "2010.03.03"]
[SourceVersion "1"]
[SourceVersionDate "2010.03.03"]
[SourceQuality "1"]

1. d4 Nf6 2. c4 c5 3. d5 e5 4. Nc3 d6 5. Nf3 g6 6. g3 Bg7 7. Bg2 a6 8. 0-0 0-0 9. a4 a5 10. h3 b6 11. Qc2 Nbd7 12. Nb5 Ne8 13. Ra3 Qe7 14. e4 h6 15. Kh1 Kh7 16. Nh2 Ndf6 17. g4 h5 18. Bg5 Bh6 19. Bxh6 Kxh6 20. g5+ 1-0